| 000 | 00828nam a22002777a 4500 | ||
|---|---|---|---|
| 005 | 20170124105922.0 | ||
| 010 | _aA-77736 | ||
| 020 | _c00 | ||
| 035 | _aA-77736 | ||
| 037 | _bCen Lib/Ret | ||
| 040 |
_aDPL _bEN |
||
| 082 | _a382.6 | ||
| 100 |
_aRajajee, M.S. _94889 |
||
| 245 |
_aExport market and managemant / _cby M.S. Rajajee, I.A. Rasheed [and] S. Narasimhan |
||
| 246 | _b | ||
| 260 |
_bS. Chand and Company _c1982 _aNew Delhi |
||
| 270 |
_bNew Delhi _e110055 _aram nagar |
||
| 300 |
_aviii, 380p. _c20cm(Hb) |
||
| 650 |
_aCommerce _94193 |
||
| 650 |
_aTrade Policies _94890 |
||
| 650 |
_a कॉमर्स _94891 |
||
| 650 |
_aव्यापार नीतियां _9442 |
||
| 700 |
_aRasheed, I.A. _94892 |
||
| 700 |
_aNarasimhan, S. _94893 |
||
| 942 |
_2ddc _cEN _h382.6 _mRAJ |
||
| 999 |
_c123231 _d123231 |
||